Leicester City FC all time xi - Statistics

General Stats
  • This quiz has been taken 42 times
  • The average score is 3 of 11
Answer Stats
Hint Answer % Correct
GK(Denmark) Kasper Schmeichel
97%
FW(England) Jamie Vardy
94%
DF(Jamaica) Wes morgan
85%
MF(Wales) Andy King
27%
DF(England) Steve Walsh
6%
DF(Scotland) Adam Black
3%
FW(England) Arthur Chandler
3%
DF(Scotland) John Sjoberg
3%
MF(England) Ernie Hine
0%
MF(Scotland) Graham Cross
0%
MF(England) Mike Stringfellow
0%
No matching quizzes found
Score Distribution
Percent of People with Each Score
Percentile by Number Answered
Your Score History
You have not taken this quiz